000 00328nam a22001337a 4500
008 170905b xxu||||| |||| 00| 0 eng d
020 _a9781604269963
041 _aeng
080 _a070
100 _a40
101 _aMED
245 _aPRODUCING ONLINE NEWS DIGITAL SKILLS, STRONGER STORIES
_cTHORNBURG,R.M
942 _2udc
_cBK
999 _c26184
_d26184